Trouvez le titre des chansons en trouvant les paroles #4 - Statistiques

Statistiques générales
  • Ce quiz a été pris 302 fois
  • Le résultat moyen est 152 sur 223
Statistiques - réponses
Hint Réponse % Correct
Un homme heureux à
99%
J'en rêve encore | Pour que tu m'aimes encore m'
98%
J'en rêve encore | Maman | Un homme heureux j'
97%
Je veux j’
97%
Maman | Pour que tu m'aimes encore J'
97%
Un homme heureux s'
97%
Je veux C’
96%
Pour que tu m'aimes encore | Un homme heureux l'
96%
Je veux l’
96%
Je veux d’
95%
Je veux D’
95%
Pour que tu m'aimes encore d'
95%
Je veux est
94%
Je veux | Maman | Pour que tu m'aimes encore | Un homme heureux Je
94%
J'en rêve encore | Maman je
94%
Je veux | Un homme heureux la
94%
Je veux le
94%
Je veux n’
94%
Maman ai
93%
Maman c'
93%
Un homme heureux n'
93%
Je veux De
92%
Maman le
92%
Maman de
91%
Un homme heureux le
91%
Un homme heureux De
90%
Je veux ma
90%
Maman est
89%
J'en rêve encore | Maman | Un homme heureux Et
89%
Je veux pas
89%
Un homme heureux Il
87%
Un homme heureux me
86%
Un homme heureux Qu'
86%
Maman | Un homme heureux qu'
86%
Je veux Qui
86%
Je veux mon
85%
Pour que tu m'aimes encore tu
85%
Pour que tu m'aimes encore des
84%
Pour que tu m'aimes encore les
84%
Je veux amour
83%
Je veux dans
83%
Un homme heureux en
83%
Je veux Moi
83%
Maman
83%
Pour que tu m'aimes encore te
83%
J'en rêve encore en
82%
Un homme heureux pas
82%
Je veux sur
82%
Je veux cœur
80%
Maman les
80%
Pour que tu m'aimes encore | Un homme heureux pour
80%
Pour que tu m'aimes encore que
80%
Je veux veux
80%
Pour que tu m'aimes encore dans
79%
Un homme heureux des
79%
Je veux fera
79%
Un homme heureux te
79%
Je veux bonne
78%
Je veux donc
78%
Pour que tu m'aimes encore si
78%
Je veux tous
78%
Un homme heureux veux
78%
Je veux bonheur
77%
Je veux humeur
77%
Je veux joie
77%
Je veux main
77%
Un homme heureux on
77%
Un homme heureux On
77%
Un homme heureux Que
77%
Un homme heureux que
77%
Je veux argent
76%
Maman elle
76%
Un homme heureux un
76%
Je veux votre
76%
Un homme heureux moi
75%
Pour que tu m'aimes encore ton
75%
Pour que tu m'aimes encore cœur
74%
Je veux vos
74%
Un homme heureux ce
73%
Je veux crever
73%
Maman moi
73%
Je veux réalité
73%
Un homme heureux se
73%
J'en rêve encore si
73%
Je veux Bienvenue
72%
Un homme heureux ça
72%
Je veux liberté
72%
Un homme heureux si
72%
Pour que tu m'aimes encore tes
72%
Je veux Allons
71%
Pour que tu m'aimes encore aimes
70%
Je veux clichés
70%
Je veux Découvrir
70%
Je veux ensemble
70%
Je veux Oubliez
70%
Un homme heureux une
70%
Pour que tu m'aimes encore encore
69%
Pour que tu m'aimes encore Même
69%
Maman si
69%
Un homme heureux au
68%
Maman vais
65%
Pour que tu m'aimes encore âme
64%
Pour que tu m'aimes encore irai
64%
Un homme heureux Mais
64%
Pour que tu m'aimes encore ailleurs
63%
Pour que tu m'aimes encore autres
63%
Pour que tu m'aimes encore chercher
63%
Pour que tu m'aimes encore emportes
63%
Pour que tu m'aimes encore flammes
63%
Pour que tu m'aimes encore heures
63%
Pour que tu m'aimes encore dansent
62%
Pour que tu m'aimes encore danses
62%
Pour que tu m'aimes encore froids
62%
Pour que tu m'aimes encore jetterai
62%
Je veux Je veux
62%
Pour que tu m'aimes encore sorts
62%
J'en rêve encore encore
61%
J'en rêve encore Encore,
61%
J'en rêve encore encore,
61%
Un homme heureux peu
60%
J'en rêve encore même
56%
J'en rêve encore Même
56%
Pour que tu m'aimes encore Pour que tu m'aimes encore
56%
Un homme heureux y
55%
Un homme heureux aille
53%
Maman sais
50%
Un homme heureux sans
49%
Un homme heureux comme
47%
Un homme heureux être
47%
Un homme heureux faire
45%
J'en rêve encore mort
44%
J'en rêve encore rêve
43%
Un homme heureux temps
43%
Un homme heureux dire
41%
J'en rêve encore Oh
40%
Un homme heureux eux
39%
J'en rêve encore cassé
38%
Un homme heureux faut
38%
Un homme heureux homme
38%
Un homme heureux Quel
38%
J'en rêve encore améliore
37%
Maman temps
37%
Un homme heureux yeux
37%
Un homme heureux deux
36%
J'en rêve encore ivre
36%
Un homme heureux peine
36%
Un homme heureux soit
36%
Un homme heureux vaut
33%
Un homme heureux connais
32%
Un homme heureux fond
32%
Un homme heureux heureux
32%
J'en rêve encore J'en rêve encore
32%
Un homme heureux place
32%
Un homme heureux prenne
32%
Un homme heureux serait
31%
Un homme heureux pourrait
30%
Un homme heureux enjeu
29%
Un homme heureux gêne
29%
Un homme heureux revienne
29%
Un homme heureux veine
29%
Un homme heureux Un homme heureux
27%
Maman appelle
24%
Maman arrêté
19%
Maman Maintenant,
19%
Maman compter
18%
Maman années
17%
Maman mieux,
16%
Maman voulu
16%
Maman arrêter
15%
Maman Maman
15%
Maman maman
15%
Maman Maman,
15%
Aucun quiz correspondant
Distribution des résultats
% des personnes avec chaque résultat
Percentile par nombre de réponses
Votre historique - résultats
Vous n’avez pas pris ce quiz